[Event "Olomouc Chess Summer 2025 - D1"]
[Site "Olomouc (CZE), Hotel Flora"]
[Date "2025.08.23"]
[Round "8"]
[Board "1"]
[White "Glimbrant, Torbjorn"]
[Black "Krejci, Jan"]
[Result "1-0"]
[WhiteElo "2039"]
[BlackElo "2131"]
[PlyCount "0"]
[EventDate "2025.08.17"]
[EventRounds "9"]
[EventCountry "CZE"]

1. d4 d5 2. Nf3 Nf6 3. c4 c6 4. Nc3 e6 5. e3 Bd6 6. Bd3 O-O 7. e4 dxe4 8. Nxe4 Nxe4
9. Bxe4 Bb4+ 10. Bd2 Bxd2+ 11. Qxd2 Nd7 12. O-O Nf6 13. Bc2 b6 14. Rad1 Qc7 15. Qe3
Ba6 16. Ne5 Rac8 17. b3 Qe7 18. Rfe1 c5 19. dxc5 Rxc5 20. Rd2 Rcc8 21. Red1 Rfd8
22. Nc6  1-0

[Event "Olomouc Chess Summer 2025 - D1"]
[Site "Olomouc (CZE), Hotel Flora"]
[Date "2025.08.23"]
[Round "8"]
[Board "2"]
[White "Bartos, Jan"]
[Black "Moingt, Jean-Claude"]
[Result "1/2-1/2"]
[WhiteElo "2167"]
[BlackElo "2102"]
[PlyCount "0"]
[EventDate "2025.08.17"]
[EventRounds "9"]
[EventCountry "CZE"]

1. e4 c5 2. Nf3 Nc6 3. Bb5 Na5 4. O-O a6 5. Be2 d6 6. d4 cxd4 7. Nxd4 Nf6 8. Nc3
e5 9. Nb3 Be6 10. Nxa5 Qxa5 11. Bg5 Be7 12. Bxf6 Bxf6 13. Nd5 Bxd5 14. Qxd5 Qxd5
 1/2-1/2

[Event "Olomouc Chess Summer 2025 - D1"]
[Site "Olomouc (CZE), Hotel Flora"]
[Date "2025.08.23"]
[Round "8"]
[Board "3"]
[White "Ptacek, Lubos"]
[Black "Motyl, Tomasz"]
[Result "0-1"]
[WhiteElo "2074"]
[BlackElo "1941"]
[PlyCount "0"]
[EventDate "2025.08.17"]
[EventRounds "9"]
[EventCountry "CZE"]

1. e4 c6 2. d4 d5 3. exd5 cxd5 4. Nf3 Nc6 5. Be2 Bg4 6. c3 Qc7 7. O-O e6 8. Re1 Bd6
9. h3 Bxf3 10. Bxf3 Nge7 11. Nd2 O-O 12. Nf1 b5 13. Bd2 b4 14. Qa4 Rfc8 15. Rac1
bxc3 16. Rxc3 Qb6 17. Rd3 Qxb2 18. Rc1 Rab8 19. Bd1 Qb5 20. Qxb5 Rxb5 21. Ba4 Rbb8
22. a3 Nd8 23. Rxc8 Nxc8 24. g4 Kf8 25. Ng3 Rb1+ 26. Kg2 Ra1 27. Rc3 Nb6 28. Bb5
Rxa3 29. Rc2 Rb3 30. Ba6 Bxg3 31. fxg3 Nc4 32. Bf4 Rb2 33. Bd6+ Kg8 34. Rxb2 Nxb2
35. Bc5 Nd1 36. Kf3 f6 37. Bxa7 Kf7 38. Bc5 Nc3 39. Ke3 Ne4 40. Bb6 Ke7 41. Bd3 Nf7
42. h4 Nfd6 43. Bc7 g6 44. Kf3 Nd2+ 45. Kf4 Nb3 46. g5 f5 47. Bb6 Ne4 48. Bc2 Nbd2
49. Bc7 Nc4 50. Bd3 Kd7 51. Bb8 Kc8 52. Be5 Kd7 53. Bb8 Nf2 54. Bf1 Kc6 55. Be2 Kb5
56. Kf3 Ng4 57. Bd6 Nge3 58. Bd3 Ka4 59. Bf4 Ng4 60. Bc2+ Kb4 61. Be5 Ncxe5+ 62.
dxe5 Nxe5+ 63. Ke3 Nc6 64. g4 d4+ 65. Kf2 fxg4 66. Kg3 Kc3  0-1

[Event "Olomouc Chess Summer 2025 - D1"]
[Site "Olomouc (CZE), Hotel Flora"]
[Date "2025.08.23"]
[Round "8"]
[Board "4"]
[White "Jiruse, Josef"]
[Black "Vales, Vaclav"]
[Result "0-1"]
[WhiteElo "1970"]
[BlackElo "2059"]
[PlyCount "0"]
[EventDate "2025.08.17"]
[EventRounds "9"]
[EventCountry "CZE"]

1. e4 c5 2. Nc3 Nc6 3. f4 g6 4. Nf3 Bg7 5. Bb5 Nd4 6. Nxd4 Bxd4 7. Ne2 Bg7 8. c3
a6 9. Ba4 Nf6 10. e5 Nd5 11. d4 cxd4 12. Qxd4 Nb6 13. Be3 Nxa4 14. Qxa4 O-O 15. O-O
d5 16. Rad1 Bd7 17. Qb3 e6 18. Bc5 Re8 19. Nd4 b5 20. Nc2 Rc8 21. Bd4 a5 22. Ne3
a4 23. Qc2 b4 24. Ng4 h5 25. Nf6+ Bxf6 26. exf6 Kh7 27. Qf2 bxc3 28. bxc3 Rh8 29.
Rfe1 Kg8 30. Be5 Qa5 31. Re3 Qa6 32. Rh3 Bb5 33. Rd2 Kf8 34. g4 Ke8 35. gxh5 Kd7
36. h6 Rh7 37. f5 gxf5 38. Rxd5+ exd5 39. Qxf5+ Qe6  0-1

[Event "Olomouc Chess Summer 2025 - D1"]
[Site "Olomouc (CZE), Hotel Flora"]
[Date "2025.08.23"]
[Round "8"]
[Board "5"]
[White "Ochmann, Reimund"]
[Black "Aubert, Carsten"]
[Result "1/2-1/2"]
[WhiteElo "1929"]
[BlackElo "2004"]
[PlyCount "0"]
[EventDate "2025.08.17"]
[EventRounds "9"]
[EventCountry "CZE"]

1. e4 e5 2. Nf3 Nc6 3. Bc4 Nf6 4. d3 Bc5 5. c3 d6 6. Bb3 h6 7. Nbd2 a6 8. h3 Ba7
9. Nf1 O-O 10. g4 d5 11. Qe2 dxe4 12. dxe4 Be6 13. Bc2 Qd6 14. Bd2 b5 15. Ne3 Qc5
16. O-O Rad8 17. b4 Qe7 18. Nf5 Bxf5 19. gxf5 Rd6 20. Bc1 Nh5 21. a4 Ng3 22. Qe1
Nxf1 23. Qxf1 bxa4 24. Rxa4 g6 25. Bxh6 gxf5 26. Bxf8 Kxf8 27. Rxa6 Bb6 28. Ra8+
Nd8 29. Kh2 f4 30. Bb3 Kg7 31. Qb5 Bxf2 32. Kg2 Bb6 33. Qxe5+ Qxe5 34. Nxe5 Ne6 35.
Nc4 Rd3 36. Nxb6 cxb6 37. Ra7 Kf6 38. e5+ Kxe5 39. Rxf7 Ng5 40. Re7+ Kf6 41. Rb7
Rxc3 42. Rxb6+ Kg7 43. Rb7+  1/2-1/2

[Event "Olomouc Chess Summer 2025 - D1"]
[Site "Olomouc (CZE), Hotel Flora"]
[Date "2025.08.24"]
[Round "9"]
[Board "2"]
[White "Vales, Vaclav"]
[Black "Motyl, Tomasz"]
[Result "1/2-1/2"]
[WhiteElo "2059"]
[BlackElo "1941"]
[PlyCount "0"]
[EventDate "2025.08.17"]
[EventRounds "9"]
[EventCountry "CZE"]

1. d4 Nf6 2. c4 c5 3. d5 b5 4. a4 Qa5+ 5. Bd2 b4 6. f3 g6 7. e4 d6 8. Bd3 Bg7 9.
Ra2 O-O 10. Ne2 e6 11. O-O exd5 12. exd5 Qc7 13. b3 Nbd7 14. f4 Re8  1/2-1/2

[Event "Olomouc Chess Summer 2025 - D1"]
[Site "Olomouc (CZE), Hotel Flora"]
[Date "2025.08.24"]
[Round "9"]
[Board "3"]
[White "Aubert, Carsten"]
[Black "Bartos, Jan"]
[Result "1/2-1/2"]
[WhiteElo "2004"]
[BlackElo "2167"]
[PlyCount "0"]
[EventDate "2025.08.17"]
[EventRounds "9"]
[EventCountry "CZE"]

1. d4 Nf6 2. c4 e6 3. Nc3 Bb4 4. e3 b6 5. Nge2 Ba6 6. a3 Bxc3+ 7. Nxc3 d5 8. b3 O-O
9. Be2 c5 10. cxd5 Bxe2 11. Nxe2 Qxd5 12. O-O Nbd7 13. Bb2 Rfd8 14. Rc1 Rac8 15.
Qc2 Qb7 16. Qb1 Qa6 17. Ng3 cxd4 18. exd4 Qb5 19. Rxc8 Rxc8 20. Rc1 Rxc1+ 21. Bxc1
Qc6 22. h3 Nd5 23. Ne2 h6 24. a4 Nc3 25. Nxc3 Qxc3 26. Be3 Nf6 27. Qd1 Nd5 28. Bc1
Nb4 29. Bf4 Nc2 30. d5 exd5 31. Qxd5 Qe1+ 32. Kh2 Qxf2 33. Bg3 Qe2 34. Bb8 Ne3 35.
Qc6 a6 36. Ba7 Nf1+ 37. Kg1 Nd2 38. Qc8+ Kh7 39. Qf5+ Kg8 40. Qc8+ Kh7  1/2-1/2

[Event "Olomouc Chess Summer 2025 - D1"]
[Site "Olomouc (CZE), Hotel Flora"]
[Date "2025.08.24"]
[Round "9"]
[Board "4"]
[White "Krejci, Jan"]
[Black "Richter, Martin"]
[Result "1-0"]
[WhiteElo "2131"]
[BlackElo "1934"]
[PlyCount "0"]
[EventDate "2025.08.17"]
[EventRounds "9"]
[EventCountry "CZE"]

1. Nf3 Nf6 2. c4 e6 3. g3 d5 4. Bg2 a6 5. O-O dxc4 6. a4 Nc6 7. Qc2 Na5 8. Na3 Bd7
9. Ne5 Nd5 10. Naxc4 Nxc4 11. Qxc4 b5 12. Qd3 bxa4 13. Bxd5 exd5 14. Qxd5 Be6 15.
Qc6+ Ke7 16. Rxa4 f6 17. Nd3 Bd5 18. Qc3 Kf7 19. Nf4 c5 20. e4 Qd7 21. b3 Bc6 22.
Ra5 Qd4 23. Re1 Bd6 24. Qc4+ Qxc4 25. bxc4 Rhe8 26. f3 f5 27. d3 Be5 28. Rd1 Bd4+
29. Kf1 fxe4 30. dxe4 g5 31. Ne2 g4 32. Nxd4 cxd4 33. Rxd4 gxf3 34. Rf5+ Kg8 35.
Rf4 Rad8 36. Rxd8 Rxd8 37. Kf2 Rd4 38. c5 Rxe4 39. Rxf3 Rc4 40. Rf6 Rxc5 41. Bh6
Rc2+ 42. Ke3 Rc3+ 43. Kd4 Rf3 44. Rxc6 a5 45. Rc8+  1-0

[Event "Olomouc Chess Summer 2025 - D1"]
[Site "Olomouc (CZE), Hotel Flora"]
[Date "2025.08.24"]
[Round "9"]
[Board "5"]
[White "Moingt, Jean-Claude"]
[Black "Ochmann, Reimund"]
[Result "1-0"]
[WhiteElo "2102"]
[BlackElo "1929"]
[PlyCount "0"]
[EventDate "2025.08.17"]
[EventRounds "9"]
[EventCountry "CZE"]

1. Nf3 Nf6 2. g3 d5 3. Bg2 e6 4. d3 c5 5. Nbd2 Nc6 6. O-O Bd6 7. e4 O-O 8. Re1 Qc7
9. Qe2 Nd7 10. Nf1 d4 11. Ng5 h6 12. Nh3 e5 13. f4 f5 14. fxe5 Ndxe5 15. Nf4 Ne7
16. exf5 Bxf5 17. Nd5 Nxd5 18. Bxd5+ Kh8 19. Qg2 Rab8 20. Bf4 Ng6 21. Bxd6 Qxd6 22.
Nd2 Qd7 23. Be4 Bh3 24. Qe2 Bg4 25. Qg2 Bh3 26. Qe2 Bg4 27. Nf3 Rbe8 28. Rf1 Qc8
29. Rae1 Ne5 30. Nxe5 Rxf1+ 31. Qxf1 Rxe5 32. Qf7 Bh5 33. Qf4 Re8 34. Rf1 Bg4 35.
Qd6 Be6 36. Bg6 Rd8 37. Qe7 Bg8 38. Rf5 b6 39. Rh5 Qd7 40. Qe5 Bd5 41. Rxh6+ Kg8
42. Rh4 Bf7 43. Bh7+ Kf8 44. Bf5 Re8 45. Rh8+ Bg8 46. Qf4 Qf7 47. Bh7 Ke7 48. Rxg8
Rxg8 49. Qxf7+ Kxf7 50. Bxg8+ Kxg8 51. Kf2 Kf7 52. Kf3 Kf6 53. Ke4 Kg5 54. h3 Kf6
55. h4 Ke6 56. g4 a6 57. a4 b5 58. axb5 axb5 59. g5 g6 60. Kf4 Kd5 61. h5 gxh5 62.
g6 Ke6 63. Kg5 h4 64. Kxh4 Kf6 65. Kh5 Kg7 66. Kg5 c4 67. Kf5 b4 68. b3 cxd3 69.
cxd3 Kg8 70. Ke5 Kg7 71. Kxd4 Kxg6 72. Kc4 Kf6 73. Kxb4 Ke6 74. Kc5 Kd7 75. d4 Kc7
76. d5 Kd7 77. d6 Kd8 78. Kc6 Kc8 79. d7+ Kd8 80. b4  1-0

[Event "Olomouc Chess Summer 2025 - D2"]
[Site "Olomouc (CZE), Hotel Flora"]
[Date "2025.08.17"]
[Round "1"]
[Board "1"]
[White "Kisa, Lubomir"]
[Black "Titera, Libor"]
[Result "0-1"]
[WhiteElo "2137"]
[BlackElo "1843"]
[PlyCount "0"]
[EventDate "2025.08.17"]
[EventRounds "9"]
[EventCountry "CZE"]

1. d4 e6 2. Nf3 d5 3. g3 c6 4. Bg2 f5 5. O-O Nf6 6. b3 Bd6 7. c4 O-O 8. Bb2 Nbd7
9. e3 Ne4 10. Nbd2 Ndf6 11. Ne5 Bd7 12. f3 Ng5 13. Qc2 Be8 14. Rae1 Rc8 15. e4 fxe4
16. fxe4 Bxe5 17. dxe5 Nd7 18. h4 Rxf1+ 19. Rxf1 Nf7 20. Bh3 Nf8 21. exd5 cxd5 22.
Rf4 dxc4 23. Rxc4 Rxc4 24. Nxc4 Bc6 25. a4 Bd5 26. Bd4 Qc7 27. Qe2 Nd7 28. Bg2 Bxg2
29. Kxg2 a6 30. a5 h6 31. Qe4 Nd8 32. Kf3 Nc6 33. Kf4 Nf6 34. Kf3 Nd5 35. Nd6 Nxa5
36. Qg6 Qe7 37. b4 Nc6 38. Ke4 Nxd4 39. Kxd4 Nxb4 40. h5 Nc6+ 41. Ke4 b5 42. Ne8
Qb4+ 43. Ke3 Qd4+ 44. Ke2 Qxe5+ 45. Kd1 Nd4 46. Nc7 Qf5 47. Nxa6 Qxg6 48. hxg6 Kf8
49. Kd2 Ke7 50. Kd3 e5 51. Ke4 Kd6 52. Nb4 Nc6 53. Nc2 b4 54. Ne3 Kc5 55. Nf5 Kc4
56. Nxg7 b3 57. Nf5 b2  0-1

[Event "Olomouc Chess Summer 2025 - D2"]
[Site "Olomouc (CZE), Hotel Flora"]
[Date "2025.08.17"]
[Round "1"]
[Board "2"]
[White "Sveda, Jiri"]
[Black "Kolesar, Milan"]
[Result "0-1"]
[WhiteElo "1839"]
[BlackElo "2093"]
[PlyCount "0"]
[EventDate "2025.08.17"]
[EventRounds "9"]
[EventCountry "CZE"]

1. e4 c5 2. Nf3 d6 3. c3 Nf6 4. Bc4 Nc6 5. d3 g6 6. h3 Bg7 7. Bg5 h6 8. Be3 O-O 9.
a4 b6 10. Nbd2 d5 11. Bb5 Qc7 12. Bxc6 Qxc6 13. e5 Nd7 14. d4 Ba6 15. Nf1 Rfc8 16.
Ng3 cxd4 17. cxd4 Qc2 18. Qd2 Kh7 19. Ne2 f6 20. e6 Nf8 21. Nc3 Qb3 22. Ng1 Nxe6
23. Nge2 f5 24. f4 Bxe2 25. Qxe2 Qb4 26. Rd1 Nxd4 27. Qd2 Nc6 28. Nxd5 Qxb2 29. Qxb2
Bxb2 30. O-O e6 31. Rd2 Bg7 32. Ne7 Nxe7 33. Rd7 Bf6 34. Rfd1 Kg8 35. Bc1 Nd5 36.
Re1 Rc6 37. Kh2 a6 38. Kg3 b5 39. axb5 axb5 40. Rb7 b4  0-1

[Event "Olomouc Chess Summer 2025 - D2"]
[Site "Olomouc (CZE), Hotel Flora"]
[Date "2025.08.17"]
[Round "1"]
[Board "3"]
[White "Babula, Milan"]
[Black "Loibl, Johann"]
[Result "1-0"]
[WhiteElo "2086"]
[BlackElo "1832"]
[PlyCount "0"]
[EventDate "2025.08.17"]
[EventRounds "9"]
[EventCountry "CZE"]

1. e4 e5 2. Nc3 Nc6 3. g3 Nf6 4. Bg2 Bc5 5. Nf3 d6 6. O-O O-O 7. d3 a6 8. Bg5 h6
9. Be3 Bxe3 10. fxe3 Bg4 11. h3 Bh5 12. Qd2 g5 13. Rf2 Bg6 14. Raf1 Nh5 15. Kh2 Ng7
16. Nd5 f6 17. Qc3 Ne8 18. Nd2 Kg7 19. d4 Ne7 20. dxe5 dxe5 21. Nc4 Nxd5 22. exd5
Bf7 23. e4 Qe7 24. Ne3 Bg6 25. b4 Nd6 26. Ng4 Bxe4 27. Nxf6 Bxg2 28. Kxg2 Rf7 29.
Ng4 Rxf2+ 30. Rxf2 Re8 31. Re2 Nf7 32. Qd2 Qd6 33. c4 Rd8 34. Qc3 Re8 35. Qf3 Re7
36. Ne3 Qxb4 37. Nf5+ Kf8 38. Nxe7 Kxe7 39. Rf2  1-0

[Event "Olomouc Chess Summer 2025 - D2"]
[Site "Olomouc (CZE), Hotel Flora"]
[Date "2025.08.17"]
[Round "1"]
[Board "4"]
[White "Bjorgvik, Jan Arne"]
[Black "fainberg, Boris"]
[Result "0-1"]
[WhiteElo "1830"]
[BlackElo "2083"]
[PlyCount "0"]
[EventDate "2025.08.17"]
[EventRounds "9"]
[EventCountry "CZE"]

1. e4 c5 2. Nf3 e6 3. d4 cxd4 4. Nxd4 Nf6 5. Nc3 Nc6 6. Be2 Qc7 7. O-O a6 8. a3 Be7
9. Be3 d6 10. h3 O-O 11. Nxc6 bxc6 12. Bf3 e5 13. Qd2 Be6 14. Rfd1 Rfd8 15. Rac1
h6 16. Na4 Rab8 17. c4 Rb3 18. Rc3 Qb7 19. Qc2 Rxc3 20. Qxc3 c5 21. Qc2 Rb8 22. Rc1
Kf8 23. Kf1 Kg8 24. Kg1 Kf8 25. Kh2 Kg8 26. g4 Nh7 27. Kg2 Bg5 28. Bxg5 Nxg5 29.
Rd1 Qc7 30. Be2 Bd7 31. Nc3 Ne6 32. Nd5 Qb7 33. Rb1 Nd4 34. Qd3 Be6 35. b4 Bxd5 36.
exd5 Qc7 37. Bd1 Rc8 38. Rc1 Rb8 39. Rb1 Rc8 40. Rc1 g6 41. Ba4 Qe7 42. Re1 Qc7 43.
Rc1 Rb8 44. Rb1 Kg7 45. f3 Rc8 46. Rc1 Rb8 47. Rb1 Rb6 48. h4 Qe7 49. Kg3 Rb8 50.
Bd1 f5 51. Kh3 e4 52. Qe3 fxg4+ 53. fxg4 Rf8 54. bxc5 Nf3 55. g5 Qe5 56. gxh6+ Kh8
57. Bxf3 Rxf3+ 58. Qxf3 exf3 59. Rb8+ Kh7 60. Rf8 Qe2  0-1

[Event "Olomouc Chess Summer 2025 - D2"]
[Site "Olomouc (CZE), Hotel Flora"]
[Date "2025.08.17"]
[Round "1"]
[Board "5"]
[White "Kubicek, Antonin"]
[Black "Sysala, Stanislav"]
[Result "1-0"]
[WhiteElo "2074"]
[BlackElo "1817"]
[PlyCount "0"]
[EventDate "2025.08.17"]
[EventRounds "9"]
[EventCountry "CZE"]

1. c4 Nf6 2. Nc3 e5 3. Nf3 Nc6 4. g3 d5 5. cxd5 Nxd5 6. Bg2 Be6 7. O-O Be7 8. d4
exd4 9. Nb5 Qd7 10. Nbxd4 O-O-O 11. Nxe6 Qxe6 12. Nd4 Nxd4 13. Qxd4 Nb6 14. Qxg7
Bf6 15. Qh6 Nc4 16. Bh3  1-0

[Event "Olomouc Chess Summer 2025 - D2"]
[Site "Olomouc (CZE), Hotel Flora"]
[Date "2025.08.17"]
[Round "1"]
[Board "6"]
[White "Kalveus, Jan"]
[Black "Popelka, Oldrich"]
[Result "1-0"]
[WhiteElo "1815"]
[BlackElo "2064"]
[PlyCount "0"]
[EventDate "2025.08.17"]
[EventRounds "9"]
[EventCountry "CZE"]

1. d4 Nf6 2. Bg5 Ne4 3. Bf4 d5 4. Nd2 Bf5 5. Ngf3 e6 6. e3 Be7 7. Nxe4 Bxe4 8. Bd3
Bxd3 9. Qxd3 Nd7 10. O-O O-O 11. Nd2 c5 12. c3 Qb6 13. Rab1 Nf6 14. Bg5 h6 15. Bh4
Rfd8 16. f4 cxd4 17. exd4 Rd7 18. Kh1 Ne8 19. Bxe7 Rxe7 20. Nf3 Nd6 21. Ne5 Rc8 22.
Qe2 g6 23. Ng4 Ne4 24. Nxh6+ Kg7 25. Ng4 Rh8 26. Kg1 Qa5 27. a3 f5 28. Nf2 Kf6 29.
Nxe4+ dxe4 30. Qe3 Reh7 31. h3 Qd5 32. b3 b5 33. Rfc1 Rc8 34. a4 a6 35. axb5 axb5
36. c4 bxc4 37. bxc4 Rxc4 38. Rxc4 Qxc4 39. Rc1 Qb4 40. d5 Rd7 41. Qf2 exd5 42. Qh4+
Kg7 43. Rc8 Qd4+ 44. Kh2 Kf7 45. Rh8 Ke6 46. Re8+ Kd6 47. Ra8 e3 48. Ra6+ Kc5 49.
Qe1 Qd2 50. Qa1 e2 51. Qa3+ Kb5 52. Qa4+ Kc5 53. Rc6#  1-0

[Event "Olomouc Chess Summer 2025 - D2"]
[Site "Olomouc (CZE), Hotel Flora"]
[Date "2025.08.17"]
[Round "1"]
[Board "7"]
[White "Schmid, Thomas"]
[Black "Tylecek, Drahomir"]
[Result "1-0"]
[WhiteElo "2038"]
[BlackElo "1800"]
[PlyCount "0"]
[EventDate "2025.08.17"]
[EventRounds "9"]
[EventCountry "CZE"]

1. e4 e5 2. Nf3 Nc6 3. Bb5 f5 4. d3 fxe4 5. dxe4 Nf6 6. O-O Bc5 7. Bxc6 bxc6 8. Nxe5
O-O 9. Nc3 Qe8 10. Nd3 Bb6 11. e5 Nd5 12. Na4 Ba6 13. Nxb6 axb6 14. Re1 Qg6 15. a3
Rf7 16. e6 Re7 17. exd7 Bxd3 18. Rxe7 Bxc2 19. Re8+ Rxe8 20. dxe8=Q+ Qxe8 21. Qf1
Bd3  1-0

[Event "Olomouc Chess Summer 2025 - D2"]
[Site "Olomouc (CZE), Hotel Flora"]
[Date "2025.08.17"]
[Round "1"]
[Board "8"]
[White "Kretschmer, Wolfgang"]
[Black "Mojzis, Jan"]
[Result "1/2-1/2"]
[WhiteElo "1795"]
[BlackElo "2028"]
[PlyCount "0"]
[EventDate "2025.08.17"]
[EventRounds "9"]
[EventCountry "CZE"]

1. d4 d5 2. c4 e6 3. Nf3 c5 4. Nc3 Nc6 5. dxc5 d4 6. Ne4 Nf6 7. Nd6+ Bxd6 8. cxd6
Qxd6 9. e3 e5 10. exd4 exd4 11. Bd3 O-O 12. O-O Bg4 13. h3 Bh5 14. g4 Bg6 15. Bxg6
hxg6 16. a3 a5 17. Bg5 Ne4 18. Bh4 Rfe8 19. Nd2 Qc5 20. Nxe4 Rxe4 21. Qf3 Rae8 22.
Rac1 a4 23. b4 axb3 24. Qxb3 Na5 25. Qb4 Qxb4 26. axb4 Nc6 27. b5 Na5 28. Bg3 Nb3
 1/2-1/2

[Event "Olomouc Chess Summer 2025 - D2"]
[Site "Olomouc (CZE), Hotel Flora"]
[Date "2025.08.17"]
[Round "1"]
[Board "9"]
[White "Pospisil, Evzen"]
[Black "Klimes, Jiri"]
[Result "1-0"]
[WhiteElo "2020"]
[BlackElo "1781"]
[PlyCount "0"]
[EventDate "2025.08.17"]
[EventRounds "9"]
[EventCountry "CZE"]

1. d4 Nf6 2. Nf3 d5 3. c4 Bf5 4. Qb3 b6 5. Nc3 e6 6. Bf4 Bd6 7. Bxd6 cxd6 8. cxd5
O-O 9. e3 exd5 10. Nxd5 Nc6 11. Bd3 Ne4 12. O-O Na5 13. Qd1 Qd7 14. Qe2 Rac8 15.
Rfc1 Qe6 16. Nf4 Qh6 17. g4 Bg6 18. h4  1-0

[Event "Olomouc Chess Summer 2025 - D2"]
[Site "Olomouc (CZE), Hotel Flora"]
[Date "2025.08.17"]
[Round "1"]
[Board "10"]
[White "Filipik, Jaroslav"]
[Black "Mlynek, Petr"]
[Result "0-1"]
[WhiteElo "1779"]
[BlackElo "2007"]
[PlyCount "0"]
[EventDate "2025.08.17"]
[EventRounds "9"]
[EventCountry "CZE"]

1. d4 d5 2. Nf3 c6 3. c4 Nf6 4. Nc3 g6 5. cxd5 cxd5 6. Bf4 Bg7 7. e3 a6 8. Qa4+ Qd7
9. Bb5 Nc6 10. Ne5 Qe6 11. Bxc6+ bxc6 12. Qxc6+ Qxc6 13. Nxc6 Bd7 14. Ne5 e6 15.
h3 Ke7 16. Bg5 Rhc8 17. Kd2 Be8 18. Ng4 h5 19. Bxf6+ Bxf6 20. Nxf6 Kxf6 21. Rhc1
Rab8 22. Rc2 Ke7 23. Rac1 Kd8 24. h4 f6 25. f4 g5 26. fxg5 fxg5 27. hxg5 Bg6 28.
e4 Rc4 29. Ke3 Rbb4 30. Ne2 Rxc2 31. Rxc2 Bxe4 32. Rd2 h4 33. Nf4 Ke7 34. Rf2 Rb8
35. a3 Rb3+ 36. Ke2 Rxb2+ 37. Ke1 Rb1+ 38. Ke2 Rb3 39. Nh5 Rxa3 40. Rf6 Bxg2 41.
g6 Be4 42. Rf7+ Kd6 43. g7 Ra2+ 44. Ke1 Rg2 45. Nf6 h3 46. g8=Q Rxg8 47. Nxe4+ dxe4
48. Rh7 Rg3 49. Rh5 a5 50. Kf2 Ra3 51. Kg1 a4  0-1

[Event "Olomouc Chess Summer 2025 - D2"]
[Site "Olomouc (CZE), Hotel Flora"]
[Date "2025.08.17"]
[Round "1"]
[Board "11"]
[White "Lorenc, Oldrich"]
[Black "Fiala, Jiri"]
[Result "1-0"]
[WhiteElo "2005"]
[BlackElo "1778"]
[PlyCount "0"]
[EventDate "2025.08.17"]
[EventRounds "9"]
[EventCountry "CZE"]

1. Nf3 c5 2. e4 e6 3. Nc3 a6 4. g3 Nc6 5. Bg2 g6 6. O-O Bg7 7. d3 Nge7 8. Be3 b6
9. Qd2 O-O 10. Bh6 d5 11. Bxg7 Kxg7 12. Rad1 d4 13. Ne2 e5 14. Nh4 h6 15. f4 f6 16.
fxe5 fxe5 17. Rxf8 Qxf8 18. Rf1 Qe8 19. c3 Be6 20. a3 Qd7 21. cxd4 cxd4 22. b4 Rc8
23. Kh1 Bh3 24. Ng1 Bxg2+ 25. Kxg2 Qe6 26. h3 Qg8 27. g4 Rf8 28. Rxf8 Qxf8 29. Ne2
Qf7 30. Qc2 Qf6 31. Nf3 Qe6 32. Nd2 h5 33. Qc4 Qc8 34. gxh5 gxh5 35. Nf3 b5 36. Qc5
Qe6 37. Qc2 Qg6+ 38. Ng3 Kh7 39. Qc5 h4 40. Nxh4 Qf6 41. Nhf5 Nxf5 42. Nxf5 Qg5+
43. Kf1 Qf4+ 44. Ke1 Qf3 45. Qxc6 Qh1+ 46. Kd2 Qg2+ 47. Kc1 Qf1+ 48. Kb2 Qe2+ 49.
Qc2  1-0

[Event "Olomouc Chess Summer 2025 - D2"]
[Site "Olomouc (CZE), Hotel Flora"]
[Date "2025.08.17"]
[Round "1"]
[Board "12"]
[White "Modrova, Hana"]
[Black "Andersen, Per O"]
[Result "0-1"]
[WhiteElo "1776"]
[BlackElo "1999"]
[PlyCount "0"]
[EventDate "2025.08.17"]
[EventRounds "9"]
[EventCountry "CZE"]

1. d4 Nf6 2. Nf3 e6 3. Bg5 Be7 4. Nbd2 h6 5. Bh4 c5 6. e3 b6 7. c3 Bb7 8. Bd3 O-O
9. O-O d6 10. h3 Nbd7 11. e4 g5 12. Bg3 Nh5 13. Bh2 Nf4 14. Bxf4 gxf4 15. Nh2 e5
16. Qh5 Kg7 17. Ng4 Bg5 18. h4 Nf6 19. Nxf6 Bxf6 20. d5 Bxh4 21. Nf3 Bg5 22. g3 fxg3
23. fxg3 f6 24. Kg2 Qe8 25. Qxe8 Raxe8 26. Rh1 Rh8 27. Rh2 Bc8 28. Nh4 Bxh4 29. Rxh4
Ref8 30. Rf1 Bd7 31. b3 b5 32. Be2 a5 33. Bg4 Bxg4 34. Rxg4+ Kf7 35. Rh1 a4 36. bxa4
bxa4 37. Rgh4 Rb8 38. Kf3 Rb2 39. R4h2 Rxh2 40. Rxh2 a3 41. Ke3 Kg6 42. Kd3 Rb8 43.
Rf2 Rb1 44. Rg2 Kg5 45. Rf2 Rg1 46. Rf5+ Kg6 47. Rf3 Rg2 48. Kc4 Rxa2 49. Kb3 Re2
50. Kxa3 Rxe4 51. Kb3 Kg5 52. Kc2 f5 53. Kd2 Kg4 54. Rf1 Ra4 55. Rh1 Ra2+ 56. Kd3
Kg5 57. Rb1 Rg2 58. Rb6 Rxg3+ 59. Kc4 f4 60. Rxd6 f3 61. Re6 f2 62. Rxe5+ Kf6  0-1

[Event "Olomouc Chess Summer 2025 - D2"]
[Site "Olomouc (CZE), Hotel Flora"]
[Date "2025.08.17"]
[Round "1"]
[Board "13"]
[White "Ortoft, Kai"]
[Black "Vlkovic, Pavol"]
[Result "1-0"]
[WhiteElo "1992"]
[BlackElo "1776"]
[PlyCount "0"]
[EventDate "2025.08.17"]
[EventRounds "9"]
[EventCountry "CZE"]

1. Nf3 Nf6 2. c4 g6 3. g3 Bg7 4. Bg2 O-O 5. O-O d6 6. d4 a5 7. Nc3 c6 8. h3 Nbd7
9. e4 e5 10. dxe5 dxe5 11. b3 Re8 12. Qc2 Qc7 13. Be3 b6 14. Rfd1 Ba6 15. Ne1 Rac8
16. Qb2 Nf8 17. Nd3 N6d7 18. Rac1 Ne6 19. Ne2 Qb8 20. a3 Red8 21. b4 Bf8 22. f4 Bh6
23. Bd2 Bg7 24. Qb1 c5 25. bxa5 Nd4 26. Nxd4 cxd4 27. axb6 Bxc4 28. Ba5 Bxd3 29.
Qxd3 Rxc1 30. Rxc1 Bf8 31. Qb5 d3 32. b7 d2 33. Bxd2 Nc5 34. Be3 Rc8 35. bxc8=Q  1-0

[Event "Olomouc Chess Summer 2025 - D2"]
[Site "Olomouc (CZE), Hotel Flora"]
[Date "2025.08.17"]
[Round "1"]
[Board "14"]
[White "Macura, Petr"]
[Black "Spanton, Tim R"]
[Result "0-1"]
[WhiteElo "1773"]
[BlackElo "1982"]
[PlyCount "0"]
[EventDate "2025.08.17"]
[EventRounds "9"]
[EventCountry "CZE"]

1. d4 d5 2. c4 e5 3. Nc3 dxc4 4. dxe5 Qxd1+ 5. Kxd1 Be6 6. a3 Bc5 7. e3 Nc6 8. Bd2
Nxe5 9. Kc2 Nf6 10. h3 Bf5+ 11. Kc1 O-O-O 12. Na4 Be7 13. f3 Rd7 14. g4 Bd3 15. Bxd3
Nxd3+ 16. Kc2 Rhd8 17. Rh2 b5 18. Nc3 c6 19. Rd1 a5 20. Ra1 Nxb2 21. Ne4 Nxe4 22.
fxe4 Bf6 23. Bxa5 Re8 24. g5 Be5 25. Re2 Nd3 26. Rd1 Ra7  0-1

[Event "Olomouc Chess Summer 2025 - D2"]
[Site "Olomouc (CZE), Hotel Flora"]
[Date "2025.08.17"]
[Round "1"]
[Board "15"]
[White "Petras, Milan"]
[Black "Privoznik, Lubos"]
[Result "1-0"]
[WhiteElo "1977"]
[BlackElo "1764"]
[PlyCount "0"]
[EventDate "2025.08.17"]
[EventRounds "9"]
[EventCountry "CZE"]

1. c4 Nf6 2. Nc3 d6 3. g3 g6 4. Bg2 Bg7 5. d4 O-O 6. e4 e5 7. d5 Nbd7 8. h3 Nb6 9.
b3 Bd7 10. Be3 Re8 11. Qd2 a5 12. Nge2 Nc8 13. O-O Nh5 14. g4 Nf6 15. Ng3 Kh8 16.
Bg5 Ne7 17. f4 Neg8 18. f5 h6 19. Be3 g5 20. a3 Kh7 21. Ra2 Ne7 22. Rd1 b6 23. Bf3
Bc8 24. Qh2 Rh8 25. Rg2 Kg8 26. Nge2 Nh7 27. Nb5 f6 28. Nec3 Nf8 29. Ra2 Nd7 30.
Rda1 Bb7 31. Qd2 Kf7 32. Ne2 Nc8 33. b4 axb4 34. axb4 Ne7 35. Rxa8 Bxa8 36. Ra7  1-0

[Event "Olomouc Chess Summer 2025 - D2"]
[Site "Olomouc (CZE), Hotel Flora"]
[Date "2025.08.17"]
[Round "1"]
[Board "16"]
[White "Hlousek, Milan"]
[Black "Malinovsky, Petr"]
[Result "0-1"]
[WhiteElo "1761"]
[BlackElo "1977"]
[PlyCount "0"]
[EventDate "2025.08.17"]
[EventRounds "9"]
[EventCountry "CZE"]

1. e4 c5 2. Nf3 g6 3. d4 cxd4 4. Nxd4 Nc6 5. Be3 Nf6 6. Nc3 Bg7 7. f3 O-O 8. Qd2
d5 9. O-O-O Nxd4 10. Bxd4 dxe4 11. Nxe4 Nxe4 12. fxe4 Bxd4 13. Qxd4 Qa5 14. Qd5 Qc7
15. Qg5 Be6 16. Kb1 a5 17. Bd3 a4 18. a3 Ra5 19. Qg3 Qxg3 20. hxg3 Rg5 21. Rh2 Bd7
22. Bc4 Bc6 23. Bd5 Bxd5 24. Rxd5 Rxd5 25. exd5 Rc8 26. Rh4 b5 27. c3 Kg7 28. Re4
Rc5 29. Rxe7 Rxd5 30. Kc2 h5 31. Re2 Rg5 32. Kd3 Rxg3+ 33. Kd4 Rg5 34. Rf2 f6 35.
Re2 Kf7 36. Rc2 Ke6 37. c4 Rg4+ 38. Kc5 bxc4 39. Rxc4 Rxg2 40. Rb4 g5 41. Kb5 Rg4
42. Rxa4 Rxa4 43. Kxa4 h4 44. b4 h3 45. b5 h2  0-1